=LDR 00000nam 2200000 4500 =001 INLIS000000000810421 =005 20251208012230 =035 ##$$a 0010-1225000059 =007 ta =008 251208###########################0###### =020 ##$$a 9789793407197 =082 ##$$a 297.64 =084 ##$$a R 297.64 SHA k =245 ##$$a Perjalanan Hidup Empat Khalifah Rasul Yang Agung; Abu Bakar, Umar, Utsman, Ali plus Hasan bin Ali. /$c Dr. Muhammad bin Shamil as-Sulami =250 ##$$a Cet. 1 =260 ##$$a Jakarta : :$b Darul Haq, =300 ##$$a xlii + 736 hlm. ; $c 16 x 24,5 cm. =990 ##$$a 00000005100 =990 ##$$a 00000005096 =990 ##$$a 00000005098 =990 ##$$a 00000005099